Una veu / Carles Pi Sunyer ; edició a cura de Francesc Vilanova
Descripción Física:
192 p. ; 20'5 cm
Colección:
Biblioteca Carles Pi i Sunyer
Otros Autores:
Vilanova, Francesc
MARC
| LEADER | 00000nam a2200000Ia 4500 | ||
|---|---|---|---|
| 001 | 9803 | ||
| 008 | 160829s1992 xx 000 0 cat d | ||
| 080 | |a M-2-275 | ||
| 100 | 1 | |a Pi i Sunyer, Carles, |d 1888-1971 |9 55456 | |
| 245 | |a Una veu / Carles Pi Sunyer ; edició a cura de Francesc Vilanova | ||
| 260 | |a Barcelona : |b Fundació Carles Pi Sunyer d'Estudis Autonòmics i Locals, |c 1992 | ||
| 300 | |a 192 p. ; |c 20'5 cm | ||
| 490 | |a Biblioteca Carles Pi i Sunyer | ||
| 651 | 0 | |a Catalunya |x Història |y 1936-1939, Guerra Civil |9 54678 | |
| 700 | |a Vilanova, Francesc |e editor literari |9 37678 | ||
| 710 | 1 | |a Fundació Carles Pi i Sunyer d'Estudis Autonòmics i Locals |9 52753 | |
| 901 | |a Arxiu | ||
| 942 | |n 1 |2 udc | ||
| 952 | |0 0 |1 0 |4 0 |6 M2275 |7 1 |9 47014 |a Arxiu |b Arxiu |d 2016-12-01 |l 0 |o M-2-275 |p 9803 |r 2016-12-01 00:00:00 |w 2016-12-01 |y ARXIU | ||
| 999 | |c 50807 |d 50807 | ||